1114 1045 1389 1490 1267 1994 1551 1507 1110 1653 1436 1316 1999 1100 1288 1237 1053 1545 1032 1034 1936 1780 1180 1153 1110 1034 1789 1567 1827 1713 1119 1517 1232 1616 1097 1565 1678 1519 1631 1150 1479 1287 1536 1055 1522 1479 1718 1815 1058 1214 1080 1188 1123 1617 1380 1495 1952 1126 1638 1852 1950 1801 1326 1617 1045 1539 1611 1885 1434 1488 1267 1673 1766 1707 1982 1562 1889 1599 1980 1599 1047 1151 1866 1391 1536 1113 1862 1022 1586 1030 1288 1499 1956 1391 1313 1960 1128 1018 1146 BCNSPRNW ULIB Ver.6.0+V

เปลี่ยนเป็นภาษาไทย

Change to English
 แสดงรายละเอียดบรรณานุกรม
  กลับหน้าหลัก

Brief Record : Get Marc (ISO 2709) : E-mail record : QR code < ปิดหน้าต่าง
LEADER : 00000nam 2200000uu 4500
001    13399123248
003     ULIB
008    140801s2556||||th 000 0 tha d
060  4 ^aWY18.8^bน927 ล.2
110 1  ^aคณะอาจารย์วิทยาลัยพยาบาลและกลุ่มพัฒนาการศึกษา สถาบันพระบรมราชชนก กระทรวงสาธารณสุข
245 00 ^aแนวทางการจัดการเรียนรู้แบบบูรณาการ รายวิชา การพยาบาลบุคคลที่มีปัญหาสุขภาพ ๒/^cคณะอาจารย์วิทยาลัยพยาบาลและกลุ่มพัฒนาการศึกษา สถาบันพระบรมราชชนก กระทรวงสาธารณสุข
260    ^aนนทบุรี:^bกลุ่มพัฒนาการศึกษา สถาบันพระบรมราชชนก,^c2556
300    ^a174 หน้า:^bตาราง,^c29 ซม
650  4 ^aการจัดการเรียนการสอน
650  4 ^aการเรียนการสอนแบบบูรณาการ
650  7 ^aการพยาบาลบุคคลที่มีปัญหาทางสุขภาพ
945    ^p0^l0^i20415
945    ^p0^l0^i20416
945    ^p0^l0^i20417
999    ^aทศพร เกษรทอง
รายการนี้ยังไม่มีแท็ก
คุณยังไม่ได้ล็อกอิน คุณสามารถมีกิจกรรมร่วมกับเว็บไซต์ได้ แต่ต้องล็อกอินก่อน ::
  ล็อกอิน

รายการสื่อสารสนเทศ

ลำดับที่ ประเภท เลขเรียก/บาร์โค้ด สถานที่ สถานะ
1. Book การพยาบาล
Book การพยาบาล
สถานะ=หนังสือเก่า
WY18.8 น927 ล.2 ฉ.1 
  Barcode: 20415
ห้องสมุดวิทยาเขตนครสวรรค์
►ส่วนจัดเก็บหนังสือเก่า นว.
บนชั้น
  ขอยืม
2. Book การพยาบาล
Book การพยาบาล
สถานะ=หนังสือเก่า
WY18.8 น927 ล.2 ฉ.2 
  Barcode: 20416
ห้องสมุดวิทยาเขตนครสวรรค์
►ส่วนจัดเก็บหนังสือเก่า นว.
บนชั้น
  ขอยืม
3. Book การพยาบาล
Book การพยาบาล
สถานะ=หนังสือเก่า
WY18.8 น927 ล.2 ฉ.3 
  Barcode: 20417
ห้องสมุดวิทยาเขตนครสวรรค์
►ส่วนจัดเก็บหนังสือเก่า นว.
บนชั้น
  ขอยืม

รายการใกล้เคียง
    หัวเรื่อง [การจัดการเรียนการสอน]
    หัวเรื่อง [การเรียนการสอนแบบบูรณาการ]
    หัวเรื่อง [การพยาบาลบุคคลที่มีปัญหาทางสุขภาพ]

BibComment


ยังไม่เคยถูกคอมเมนท์

คอมเมนท์ทรัพยากรรายการนี้
  คอมเมนท์: แนวทางการจัดการเ..


 Copyright 2026. Bcnsprnw @Library